Módulo de Intervención en crisis: violencia conyugal /

Wedi'i Gadw mewn:
Manylion Llyfryddiaeth
Prif Awdur: Claramunt M., Cecilia
Awduron Eraill: comp
Fformat: Texto
Cyhoeddwyd: San José: UCR. FCS. EPS
Tagiau: Ychwanegu Tag
Dim Tagiau, Byddwch y cyntaf i dagio'r cofnod hwn!

MARC

LEADER 00000 a a2200000 04500
001 33148
003
040
090 |a 206501  
100 |a Claramunt M., Cecilia  
245 |a Módulo de Intervención en crisis: violencia conyugal /  |c Cecilia Claramunt M. 
260 |a San José:   |b UCR. FCS. EPS  
300 |a 132 p.  
700 |a comp.  
999 |c 4007  |d 4007